| 000 | 00596nam a2200169 i 4500 | ||
|---|---|---|---|
| 001 | 129731 | ||
| 003 | ES-MaACL | ||
| 005 | 20230906193548.0 | ||
| 007 | t| | ||
| 008 | 070704s1916 sp ||||1| spa d | ||
| 100 | 1 |
_aZorrilla de San Martín, Juan. _9118357 |
|
| 245 | 1 | 3 |
_aLa epopeya de Artigas _b: historia de los tiempos heroicos de la República Oriental del Uruguay / _cJuan Zorrilla de San Martín. |
| 260 |
_aBarcelona : _bM. Galve, _c1916. |
||
| 300 |
_a2 v. ; _c20 cm. |
||
| 651 | 4 |
_aUruguay- _xHistoria- _y1811-1830, Guerra de la Independencia. _9168985 |
|
| 852 |
_aES-MaACL _jF-4320-21 |
||
| 999 |
_c129731 _d129731 |
||